00209nam a2200085Ia 4500008004100000100002300041245003200064260001300096300001400109180205s9999 xx 000 0 und d aMorris, Richard B. aGreat president desicions / aUSAc19_ a469 pages